Applied C# in financial markets

Na minha lista:
Detalhes bibliográficos
Autor principal: Worner, Martin
Formato: Livro
Idioma:Undetermined
Publicado em: New Jersey John Wiley 2004
Assuntos:
Tags: Adicionar Tag
Sem tags, seja o primeiro a adicionar uma tag!
Thư viện lưu trữ: Trung tâm Học liệu Trường Đại học Cần Thơ
LEADER 00565nam a2200205Ia 4500
001 CTU_93829
008 210402s9999 xx 000 0 und d
020 |c 69.79 
082 |a 005.133 
082 |b W928 
100 |a Worner, Martin 
245 0 |a Applied C# in financial markets 
245 0 |c Martin Worner 
260 |a New Jersey 
260 |b John Wiley 
260 |c 2004 
650 |a C# (Computer program language),Financial institutions 
650 |x Computer programs 
904 |i Tuyến 
980 |a Trung tâm Học liệu Trường Đại học Cần Thơ